Belén y Michu ¿cuál es la gran idea? : libro 7 /
Llegó el momento de la feria de ciencias de la escuela, y los chicos de la clase de la señorita Torres tienen que encontrar una solución para enfriar la Tierra. Algunos fabrican robots que impiden tirar basura. Otros retienen el aire durante mucho mucho tiempo. ¿Y qué harán Belén y Michu? ¿Alguna ex...
Guardado en:
| Autor Principal: | |
|---|---|
| Otros Autores: | , |
| Formato: | Libro |
| Idioma: | Undetermined |
| Publicado: |
Buenos Aires :
Catapulta,
2021.
|
| Edición: | 1a ed. |
| Materias: | |
| Etiquetas: |
Agregar Etiqueta
Sin Etiquetas, Sea el primero en etiquetar este registro!
|
| LEADER | 01231nam a22002415a 4500 | ||
|---|---|---|---|
| 001 | CEM.cems024925 | ||
| 008 | 251006s2021####ag############000#0#und#d | ||
| 005 | 20251006174959.0 | ||
| 245 | 1 | 0 | |a Belén y Michu ¿cuál es la gran idea? : |b libro 7 / |c Annie Barrows ; ilustrado por Sophie Blackall. |
| 250 | |a 1a ed. | ||
| 260 | |a Buenos Aires : |b Catapulta, |c 2021. | ||
| 300 | |a 131 p. | ||
| 500 | |a Título original: Ivy and Bean What's the big idea?. | ||
| 500 | |a Edad sugerida: a partir de 7 años. | ||
| 520 | |a Llegó el momento de la feria de ciencias de la escuela, y los chicos de la clase de la señorita Torres tienen que encontrar una solución para enfriar la Tierra. Algunos fabrican robots que impiden tirar basura. Otros retienen el aire durante mucho mucho tiempo. ¿Y qué harán Belén y Michu? ¿Alguna explosión? ¿Algún proyecto con sogas? ¿O con cubos de hielo? O, tal vez, algo diferente | ||
| 020 | |a 9789876379823 | ||
| 100 | 1 | |a Barrows, Annie. | |
| 700 | 1 | |a Blackall, Sophie; il. | |
| 700 | 1 | |a Paoloni, Cristina; trad. | |
| 653 | |a Literatura estadounidense | ||
| 653 | |a Literatura infantil y juvenil | ||
| 653 | |a Novela estadounidense | ||
| 859 | |a CEMS |b BIB. CEMS - 11 de abril |h 813.5 |i B278 |p 30447.25 |t Ej.1 |v 7 |3 7 | ||
